[Event "Wch U20 56th"]
[Site "Tarvisio"]
[Date "2017.11.19"]
[Round "6"]
[White "Batsuren, Dambasuren"]
[Black "Sesar, Ivan"]
[Result "1-0"]
[WhiteElo "2352"]
[BlackElo "2207"]
[PlyCount "67"]
[EventDate "2017.11.13"]
[EventType "swiss"]
[EventRounds "11"]
[EventCountry "ITA"]
[SourceTitle "CBM 181 Extra"]
[Source "ChessBase"]
[SourceDate "2017.12.12"]
[SourceVersion "1"]
[SourceVersionDate "2017.12.12"]
[SourceQuality "1"]

1. d4 Nf6 2. c4 e6 3. Nc3 Bb4 4. a3 Bxc3+ 5. bxc3 c5 6. e3 Nc6 7. Bd3 d6 8. Ne2 0-0 9. e4 e5 10. d5 Ne7 11. 0-0 Ng6 12. f3 Nh5 13. g3 Qd7 14. Kh1 Qh3 15. Qe1 Kh8 16. Bg5 h6 17. Be3 Nf6 18. Ra2 Nh7 19. Ng1 Qd7 20. f4 Qa4 21. f5 Ne7 22. g4 f6 23. h4 b5 24. Nf3 Kg8 25. g5 fxg5 26. hxg5 Nxf5 27. exf5 Bxf5 28. Bxf5 Rxf5 29. gxh6 Qxc4 30. Rg2 Raf8 31. Rxg7+ Kh8 32. Kg2 Qxd5 33. Qg3 Nf6 34. Rh7+ 1-0

[Event "Wch U20 56th"]
[Site "Tarvisio"]
[Date "2017.11.17"]
[Round "5"]
[White "Sesar, Ivan"]
[Black "Willathgamuwa, Rowan"]
[Result "1-0"]
[WhiteElo "2207"]
[BlackElo "1907"]
[PlyCount "65"]
[EventDate "2017.11.13"]
[EventType "swiss"]
[EventRounds "11"]
[EventCountry "ITA"]
[SourceTitle "CBM 181 Extra"]
[Source "ChessBase"]
[SourceDate "2017.12.12"]
[SourceVersion "1"]
[SourceVersionDate "2017.12.12"]
[SourceQuality "1"]

1. c4 e5 2. g3 Nf6 3. Bg2 d5 4. cxd5 Nxd5 5. Nc3 Nb6 6. Nf3 Nc6 7. 0-0 Be7 8. Rb1 a5 9. d3 Be6 10. Be3 Nd5 11. Nxd5 Bxd5 12. Qa4 0-0 13. a3 f5 14. Rbc1 Rf6 15. Qb5 Re6 16. Ng5 Rd6 17. Bxd5+ Rxd5 18. Qxb7 f4 19. Ne6 Qc8 20. Qxc6 Rd6 21. Qe4 Rxe6 22. Rxc7 Qxc7 23. Qxa8+ Kf7 24. Bd2 Qc2 25. Qxa5 Qxb2 26. a4 Bd8 27. Qc3 Qa2 28. Ra1 Qd5 29. Qc4 Qb7 30. a5 Kf6 31. d4 fxg3 32. dxe5+ Ke7 33. Bb4+ 1-0

[Event "Wch U20 56th"]
[Site "Tarvisio"]
[Date "2017.11.15"]
[Round "3"]
[White "Sesar, Ivan"]
[Black "Vangsgaard, Bjarke"]
[Result "0-1"]
[WhiteElo "2207"]
[BlackElo "1987"]
[PlyCount "90"]
[EventDate "2017.11.13"]
[EventType "swiss"]
[EventRounds "11"]
[EventCountry "ITA"]
[SourceTitle "CBM 181 Extra"]
[Source "ChessBase"]
[SourceDate "2017.12.12"]
[SourceVersion "1"]
[SourceVersionDate "2017.12.12"]
[SourceQuality "1"]

1. e4 c6 2. d4 d5 3. e5 Bf5 4. Nf3 e6 5. Be2 c5 6. Be3 Qb6 7. Nc3 Nc6 8. 0-0 c4 9. b3 Bb4 10. Na4 Qa5 11. a3 Be7 12. Bd2 Qa6 13. Nb2 Qb6 14. Na4 Qa6 15. Nc3 Bg4 16. bxc4 Bxf3 17. Nb5 Bxe2 18. Qxe2 Rc8 19. cxd5 exd5 20. Qg4 Qxb5 21. Qxc8+ Bd8 22. Rab1 Qe2 23. Bg5 Nge7 24. Bxe7 Nxe7 25. Qxb7 0-0 26. c3 Qd3 27. Rfc1 Ng6 28. Qxd5 Nf4 29. Qc6 Ne2+ 30. Kh1 Nxc1 31. Rxc1 Bg5 32. Ra1 Bd2 33. Rd1 Qe2 34. Rb1 Qxf2 35. d5 Qf5 36. Rd1 Qxe5 37. c4 Qe2 38. Rb1 Be1 39. h3 Qf1+ 40. Kh2 Bg3+ 41. Kxg3 Qxb1 42. d6 Qe1+ 43. Kh2 Qe5+ 44. Kh1 Rb8 45. Kg1 Qe3+ 0-1

[Event "BIH-chT 16th"]
[Site "Sarajevo"]
[Date "2017.08.29"]
[Round "7.1"]
[White "Sesar, Ivan"]
[Black "Jovanovic, Zeljko"]
[Result "1-0"]
[WhiteElo "2124"]
[BlackElo "2197"]
[PlyCount "57"]
[EventDate "2017.08.24"]
[EventType "team-tourn"]
[EventRounds "9"]
[EventCountry "BIH"]
[SourceTitle "CBM 180 Extra"]
[Source "ChessBase"]
[SourceDate "2017.10.06"]
[SourceVersion "1"]
[SourceVersionDate "2017.10.06"]
[SourceQuality "1"]
[WhiteTeam "Siroki Brijeg"]
[BlackTeam "Bratunac"]
[WhiteTeamCountry "BIH"]
[BlackTeamCountry "BIH"]

1. c4 Nf6 2. g3 g6 3. Bg2 Bg7 4. Nc3 0-0 5. d3 c6 6. e4 d6 7. Nge2 e5 8. 0-0 Na6 9. Rb1 Nc5 10. b4 Ne6 11. a4 Nh5 12. Qb3 f5 13. exf5 gxf5 14. f4 exf4 15. Nxf4 Nhxf4 16. Bxf4 Nxf4 17. Rxf4 Be5 18. Rf3 Be6 19. Ne2 Qf6 20. Nf4 Bf7 21. Rff1 Rad8 22. Qc2 a6 23. Kh1 Bxf4 24. Rxf4 d5 25. c5 Bg6 26. Rbf1 Rde8 27. g4 Qg5 28. Qf2 Rf6 29. h4 1-0

[Event "BIH-chT 16th"]
[Site "Sarajevo"]
[Date "2017.08.28"]
[Round "6.5"]
[White "Sesar, Ivan"]
[Black "Nikolic, Predrag"]
[Result "0-1"]
[WhiteElo "2124"]
[BlackElo "2598"]
[PlyCount "118"]
[EventDate "2017.08.24"]
[EventType "team-tourn"]
[EventRounds "9"]
[EventCountry "BIH"]
[SourceTitle "CBM 180 Extra"]
[Source "ChessBase"]
[SourceDate "2017.10.06"]
[SourceVersion "1"]
[SourceVersionDate "2017.10.06"]
[SourceQuality "1"]
[WhiteTeam "Siroki Brijeg"]
[BlackTeam "Sarajevo Bosna"]
[WhiteTeamCountry "BIH"]
[BlackTeamCountry "BIH"]

1. c4 e5 2. g3 d6 3. Nc3 g6 4. Bg2 Bg7 5. e3 h5 6. Nf3 Nh6 7. d4 0-0 8. dxe5 dxe5 9. Qxd8 Rxd8 10. Nd5 Na6 11. Ne7+ Kf8 12. Nxc8 Raxc8 13. Ng5 c6 14. Bd2 Kg8 15. Rd1 Nc5 16. Ke2 f6 17. Ne4 Nxe4 18. Bxe4 f5 19. Bc2 e4 20. Bc1 Ng4 21. b3 c5 22. h3 Ne5 23. h4 Nf3 24. Rxd8+ Rxd8 25. Rd1 Rxd1 26. Bxd1 Bc3 27. Kf1 Kf7 28. Be2 Ke6 29. Bd1 Kd6 30. Be2 Kc6 31. Bd1 Ne5 32. Ke2 Nd3 33. Ba3 Bb4 34. Bxb4 cxb4 35. f3 Nc5 36. f4 a6 37. Kd2 Nd7 38. Be2 Kc5 39. Kc2 Nb6 40. Kb2 a5 41. Kc2 a4 42. Kd2 a3 43. Kc2 Nc8 44. Bf1 Nd6 45. Be2 Ne8 46. Bf1 Nf6 47. Be2 b6 48. Kc1 b5 49. Kd2 Nd7 50. Bf1 Nb6 51. cxb5 Nd5 52. Bc4 Nc3 53. Kc2 Nxa2 54. Bf7 Nc3 55. Bxg6 Nd1 56. Kb1 Nxe3 57. Bxh5 Ng4 58. Bf7 Kxb5 59. Be6 Nh6 0-1

[Event "Split op 6th"]
[Site "Split"]
[Date "2016.08.14"]
[Round "2"]
[White "Martinovic, Sasa"]
[Black "Sesar, Ivan"]
[Result "1-0"]
[WhiteElo "2560"]
[BlackElo "2093"]
[PlyCount "67"]
[EventDate "2016.08.13"]
[EventType "swiss"]
[EventRounds "9"]
[EventCountry "CRO"]
[SourceTitle "CBM 173 Extra"]
[Source "ChessBase"]
[SourceDate "2016.08.29"]
[SourceVersion "1"]
[SourceVersionDate "2016.08.29"]
[SourceQuality "1"]

1. d4 Nf6 2. Nc3 d5 3. Bf4 c6 4. e3 g6 5. h4 Bg7 6. Be2 h6 7. Nf3 Bg4 8. Ne5 Bxe2 9. Qxe2 Nfd7 10. 0-0-0 Nxe5 11. Bxe5 Bxe5 12. dxe5 Qc7 13. f4 Na6 14. e4 e6 15. exd5 exd5 16. h5 0-0-0 17. hxg6 fxg6 18. Qg4+ Qd7 19. Qxg6 Rhg8 20. Qxh6 Rxg2 21. e6 Qe7 22. f5 Nb4 23. Rd2 Rxd2 24. Qxd2 d4 25. Ne4 Nxa2+ 26. Kb1 Nb4 27. Qg5 Qxg5 28. Nxg5 Nd5 29. Rh7 Rf8 30. Rf7 Rg8 31. Ne4 Kd8 32. Rd7+ Kc8 33. Nd6+ Kb8 34. e7 1-0

[Event "BIH-chT 15th"]
[Site "Bihac"]
[Date "2016.07.24"]
[Round "9.5"]
[White "Narancic, Vlado"]
[Black "Sesar, Ivan"]
[Result "1/2-1/2"]
[WhiteElo "2299"]
[BlackElo "2091"]
[PlyCount "56"]
[EventDate "2016.07.16"]
[EventType "team-tourn"]
[EventRounds "9"]
[EventCountry "BIH"]
[SourceTitle "CBM 173 Extra"]
[Source "ChessBase"]
[SourceDate "2016.08.29"]
[SourceVersion "1"]
[SourceVersionDate "2016.08.29"]
[SourceQuality "1"]
[WhiteTeam "Srbac"]
[BlackTeam "Siroki Brijeg"]
[WhiteTeamCountry "BIH"]
[BlackTeamCountry "BIH"]

1. e4 c5 2. Nf3 d6 3. d3 Nc6 4. c3 g6 5. Nbd2 Bg7 6. g3 e6 7. Bg2 Nge7 8. 0-0 0-0 9. a4 b6 10. Re1 Ba6 11. Nc4 Qd7 12. Bf4 e5 13. Bc1 Rad8 14. Ne3 Bc8 15. Nd5 Kh8 16. Ng5 Nxd5 17. exd5 Ne7 18. f4 Bb7 19. Bh3 Qc7 20. c4 exf4 21. gxf4 Bc8 22. Bxc8 Rxc8 23. Ra2 Qd7 24. b3 Nf5 25. Qg4 Rfe8 26. Re4 h6 27. Nf3 Qd8 28. Qh3 Re7 1/2-1/2

[Event "BIH-chT 15th"]
[Site "Bihac"]
[Date "2016.07.22"]
[Round "7.5"]
[White "Sesar, Ivan"]
[Black "Kosic, Dragan"]
[Result "1/2-1/2"]
[WhiteElo "2091"]
[BlackElo "2504"]
[PlyCount "92"]
[EventDate "2016.07.16"]
[EventType "team-tourn"]
[EventRounds "9"]
[EventCountry "BIH"]
[SourceTitle "CBM 173 Extra"]
[Source "ChessBase"]
[SourceDate "2016.08.29"]
[SourceVersion "1"]
[SourceVersionDate "2016.08.29"]
[SourceQuality "1"]
[WhiteTeam "Siroki Brijeg"]
[BlackTeam "Sarajevo Napredak"]
[WhiteTeamCountry "BIH"]
[BlackTeamCountry "BIH"]

1. Nf3 Nf6 2. d4 e6 3. g3 c5 4. Bg2 d5 5. c4 dxc4 6. 0-0 Nc6 7. Ne5 Bd7 8. Na3 cxd4 9. Naxc4 Bc5 10. Nd3 Be7 11. Bf4 0-0 12. Qb3 Nd5 13. Qxb7 Nxf4 14. gxf4 Rb8 15. Qa6 Qc8 16. Qxc8 Rfxc8 17. Rac1 Be8 18. a3 Nd8 19. Na5 Bb5 20. Rxc8 Rxc8 21. Rc1 Rxc1+ 22. Nxc1 Bd6 23. Nab3 Bxf4 24. Nxd4 Bd7 25. Nd3 Bd6 26. b4 e5 27. Nb3 Bb5 28. Bd5 Kf8 29. Kf1 Nc6 30. Nb2 Ne7 31. Bc4 Bd7 32. Nd3 Bh3+ 33. Ke1 e4 34. Ndc5 e3 35. b5 exf2+ 36. Kxf2 Bxh2 37. a4 Bc7 38. a5 Bc8 39. Na4 Nf5 40. b6 axb6 41. axb6 Bg3+ 42. Kf3 Bb8 43. Nac5 Ke7 44. b7 Bxb7+ 45. Nxb7 Nd6 46. Nxd6 Bxd6 1/2-1/2

[Event "BIH-chT 15th"]
[Site "Bihac"]
[Date "2016.07.18"]
[Round "3.3"]
[White "Sesar, Ivan"]
[Black "Tomic, Aleksandar"]
[Result "0-1"]
[WhiteElo "2091"]
[BlackElo "2272"]
[PlyCount "120"]
[EventDate "2016.07.16"]
[EventType "team-tourn"]
[EventRounds "9"]
[EventCountry "BIH"]
[SourceTitle "CBM 173 Extra"]
[Source "ChessBase"]
[SourceDate "2016.08.29"]
[SourceVersion "1"]
[SourceVersionDate "2016.08.29"]
[SourceQuality "1"]
[WhiteTeam "Siroki Brijeg"]
[BlackTeam "Kiseljak"]
[WhiteTeamCountry "BIH"]
[BlackTeamCountry "BIH"]

1. d4 c5 2. d5 e5 3. e4 a6 4. c4 d6 5. Nc3 Be7 6. Bd3 Bg5 7. a3 Bxc1 8. Qxc1 Ne7 9. b4 Nd7 10. Nge2 0-0 11. Qg5 h6 12. Qe3 a5 13. b5 Nf6 14. h3 Bd7 15. 0-0-0 Ng6 16. Kb2 h5 17. g3 h4 18. Rdg1 Nh5 19. Na4 f5 20. exf5 Qf6 21. Kb3 hxg3 22. fxg3 Bxf5 23. Rf1 e4 24. Bc2 Rae8 25. g4 Nh4 26. gxf5 Nxf5 27. Qc3 Qh6 28. Nb2 Rf7 29. Ka4 Re5 30. Nd1 Nf6 31. Bb1 b6 32. Qc1 Qxc1 33. Nxc1 Ng3 34. Rhg1 Nxf1 35. Rxf1 g5 36. Ne2 g4 37. Nf2 Rg5 38. Rg1 Rfg7 39. Nxg4 Nxg4 40. hxg4 Rxg4 41. Rxg4 Rxg4 42. Nc3 e3 43. Bd3 Rd4 44. Be2 Kg7 45. Kb3 Kf6 46. Bf3 Rd3 47. Be2 Rd4 48. Bf3 Ke5 49. Ne2 Rd3+ 50. Kb2 a4 51. Nc1 Rd2+ 52. Kc3 Kf4 53. Be2 Kg3 54. Bh5 Kf2 55. Nd3+ Kf1 56. Nb2 Rxb2 57. Kxb2 e2 58. Bxe2+ Kxe2 59. Kc2 Ke3 60. Kc3 Ke4 0-1